000 00323nam a2200121Ia 4500
008 190902s9999||||xx |||||||||||||| ||und||
020 _a0-8013-0403-2
100 _aRobert l.Stevenson
245 0 _aGlobal Communication in the Twenty first century
260 _aNew York
_bMcGraw Hill
_c1994
300 _a382
942 _cBK
999 _c2808
_d2808